000 00655cab a2200229 4500
001 WB3001-44
008 090401t1994 xxu||||| |||| 00| 0 eng d
035 _a(Sirsi) u42139
041 _aeng
245 _aRetailing values
260 _c1994
350 _a0
490 _aCSW - The Property Week
_v46(1) 6 January 1994, 38(1)
520 _aDiscusses whether retailers will co-operate to reduce rate increases at the 1995 revaluation.
650 _aBUSINESS RATES
650 _aRETAIL PROPERTY
650 _aRATING REVALUATION 1995
650 _aUNIFORM BUSINESS RATE
690 _aRATING AND VALUATION
942 _n0
948 _c04/03/1997
999 _c27068
_d27068